000 00399nam a2200145Ia 4500
008 231129s2015||||xx |||||||||||||| ||spa||
020 _a978-958-58166-1-9
040 _bspa
082 _a910.41 S737n
100 _aSparrow Thomas
245 0 _aNada sucede dos veces
260 _c2015
264 _aBogotá Colombia : El Peregrino Ediciones
942 _2ddc
_cBKS
999 _c21569
_d21569